| 000 | 00761nam a2200253 4500 | ||
|---|---|---|---|
| 001 | 29810 | ||
| 003 | BD-RjUL | ||
| 005 | 20211209051450.0 | ||
| 008 | 720113s1954 E a b 001 0 eng d | ||
| 035 | _a(BD-RjUL)29895 | ||
| 035 | _a(OCoLC)217572 | ||
| 040 |
_aDLC _cODaWU _dOCoLC _dBD-RjUL _beng |
||
| 041 | _aeng | ||
| 082 |
_a136.7354 _bHOP 1954 |
||
| 100 | 1 |
_aHorrocks, John E. _q(John Edwin), _d1913-2002. _990733 |
|
| 245 | 1 | 4 |
_aThe psychology of adolescence: _bbehavior and development / _cJohn E. Horrocks. |
| 260 |
_aLondon : _bGeorge G. harper & co. Ltd. _c1954 |
||
| 300 |
_axxvi, 614 p. _bill. _c23 cm. |
||
| 504 | _aIncludes bibliographies. | ||
| 650 | 0 |
_aAdolescence. _990734 |
|
| 942 |
_2ddc _cBK |
||
| 999 |
_c29810 _d29810 |
||